[Event "Asuncion IRT op "]
[Site "Asuncion"]
[Date "2015.02.21"]
[Round "3"]
[White "Avalos, Rosana"]
[Black "Vazquez, German"]
[Result "1/2-1/2"]
[WhiteElo "1510"]
[BlackElo "1765"]
[PlyCount "103"]
[EventDate "2015.02.20"]
[EventType "swiss"]
[EventRounds "9"]
[EventCountry "PAR"]
[SourceTitle "EXT 2017"]
[Source "ChessBase"]
[SourceDate "2016.10.25"]
[SourceVersion "1"]
[SourceVersionDate "2016.10.25"]
[SourceQuality "1"]

1. e4 c5 2. Nf3 Nc6 3. d4 cxd4 4. Nxd4 g6 5. Nc3 Bg7 6. Be3 d6 7. Bc4 Bd7 8. Bb3 Qa5 9. Qd2 Rc8 10. 0-0 Nf6 11. Rad1 Ng4 12. Nxc6 Bxc6 13. Bd4 Bxd4 14. Qxd4 Qe5 15. f4 Qxd4+ 16. Rxd4 0-0 17. h3 Nf6 18. e5 Ne8 19. Nd5 Bxd5 20. Rxd5 e6 21. Rd4 d5 22. c4 dxc4 23. Bxc4 Nc7 24. Rfd1 Na8 25. Bb3 Nb6 26. a4 a5 27. Rd6 Nc4 28. Bxc4 Rxc4 29. R6d4 Rfc8 30. b3 Rc3 31. b4 axb4 32. Rxb4 R8c7 33. Rdb1 R7c4 34. a5 Rc1+ 35. Rxc1 Rxb4 36. g3 Rb5 37. Rc7 h5 38. Rc8+ Kg7 39. Rb8 Rxa5 40. Rxb7 Ra2 41. h4 Rc2 42. Rd7 Kf8 43. Ra7 Rd2 44. Rb7 Ke8 45. Ra7 Rd7 46. Rxd7 Kxd7 47. Kf2 Kc6 48. Ke3 Kc5 49. Kd3 Kd5 50. Ke3 Kc4 51. Ke4 Kc3 52. Ke3 1/2-1/2

[Event "PAR-ch"]
[Site "Asuncion"]
[Date "2009.09.14"]
[Round "9"]
[White "Vazquez, German"]
[Black "Gamarra, Ramon"]
[Result "1-0"]
[WhiteElo "1894"]
[BlackElo "2006"]
[PlyCount "109"]
[EventDate "2009.09.06"]
[EventType "swiss"]
[EventRounds "9"]
[EventCountry "PAR"]
[SourceTitle "CBM 132 Extra"]
[Source "ChessBase"]
[SourceDate "2009.11.03"]
[SourceVersion "1"]
[SourceVersionDate "2009.11.03"]
[SourceQuality "1"]

1. e4 c5 2. Nf3 d6 3. d4 cxd4 4. Qxd4 a6 5. c4 Nc6 6. Qd2 e6 7. Nc3 Nf6 8. b3 Be7 9. Bb2 0-0 10. Be2 b6 11. 0-0 Bb7 12. Nd4 Qc7 13. Rac1 Ne5 14. f3 Rad8 15. Rfd1 Rfe8 16. Qe3 Qb8 17. Na4 Qa8 18. Nc2 Ned7 19. Nb4 a5 20. Nd3 Bc6 21. Nc3 Nf8 22. Nb5 d5 23. e5 N6d7 24. Ba3 Bxa3 25. Nxa3 Ng6 26. f4 f6 27. Bh5 Ndf8 28. Nb5 Re7 29. Nd4 Be8 30. c5 bxc5 31. Rxc5 Qa7 32. Rdc1 f5 33. Qd2 Ra8 34. Bxg6 Nxg6 35. Qf2 Qa6 36. Qe3 Nf8 37. Nc6 Bxc6 38. Rxc6 Qb7 39. Qb6 Qa7 40. Qxa7 Raxa7 41. Kf2 Kf7 42. Ke3 h6 43. R1c5 Reb7 44. Rd6 a4 45. b4 a3 46. b5 Ra4 47. b6 Re4+ 48. Kd2 g5 49. Rc8 Re7 50. Rdd8 Ng6 51. Rc7 Nxf4 52. Rxe7+ Kxe7 53. b7 Re2+ 54. Kd1 Kxd8 55. b8Q+ 1-0

[Event "PAR-ch"]
[Site "Asuncion"]
[Date "2009.09.13"]
[Round "8"]
[White "Morales, Ever"]
[Black "Vazquez, German"]
[Result "1-0"]
[WhiteElo "1941"]
[BlackElo "1894"]
[PlyCount "105"]
[EventDate "2009.09.06"]
[EventType "swiss"]
[EventRounds "9"]
[EventCountry "PAR"]
[SourceTitle "CBM 132 Extra"]
[Source "ChessBase"]
[SourceDate "2009.11.03"]
[SourceVersion "1"]
[SourceVersionDate "2009.11.03"]
[SourceQuality "1"]

1. c4 e6 2. g3 d5 3. Bg2 c6 4. Nf3 f5 5. 0-0 Nf6 6. cxd5 exd5 7. d4 Be7 8. Nc3 0-0 9. Bf4 Nbd7 10. Rb1 b5 11. b4 a5 12. a3 Ne4 13. Qc1 Bb7 14. h4 Qb6 15. Rd1 axb4 16. axb4 Bf6 17. Bg5 Nxg5 18. hxg5 Be7 19. Qf4 Qd8 20. Bf1 Nb6 21. e3 Na4 22. Rdc1 Nxc3 23. Rxc3 Ra4 24. Rcb3 Bd6 25. Qh4 Qe7 26. g6 Qxh4 27. Nxh4 h6 28. Bd3 Bc8 29. R3b2 Bd7 30. Bc2 Ra6 31. Kg2 Be7 32. Nf3 Rf6 33. Rc1 Rxg6 34. Ne5 Rd6 35. Nxd7 Rxd7 36. Bxf5 Rd6 37. Bg4 Kf8 38. Rbb1 Rd8 39. Be2 Ke8 40. Bd3 Kd7 41. Rc3 Rb8 42. e4 dxe4 43. Bxe4 Rbb6 44. Bf5+ Kd8 45. d5 Bf6 46. Rd3 cxd5 47. Rxd5+ Rd6 48. Rxb5 Ra2 49. Rc1 Rdd2 50. Rc8+ Ke7 51. Rb7+ Kd6 52. Rd7+ Ke5 53. Rc5+ 1-0

[Event "PAR-ch"]
[Site "Asuncion"]
[Date "2009.09.08"]
[Round "3"]
[White "Vazquez, German"]
[Black "Lipiniks, Leonardo"]
[Result "1-0"]
[WhiteElo "1894"]
[BlackElo "1920"]
[PlyCount "77"]
[EventDate "2009.09.06"]
[EventType "swiss"]
[EventRounds "9"]
[EventCountry "PAR"]
[SourceTitle "CBM 132 Extra"]
[Source "ChessBase"]
[SourceDate "2009.11.03"]
[SourceVersion "1"]
[SourceVersionDate "2009.11.03"]
[SourceQuality "1"]

1. e4 Nf6 2. Nc3 e5 3. d4 exd4 4. Qxd4 Nc6 5. Qe3 d6 6. Bd2 g6 7. 0-0-0 Bg7 8. f4 0-0 9. h3 Re8 10. Be1 Qe7 11. Bh4 Qe6 12. Bxf6 Qxf6 13. e5 Qd8 14. Qf3 Bd7 15. exd6 cxd6 16. Bc4 Be6 17. Bxe6 Rxe6 18. f5 Qg5+ 19. Kb1 gxf5 20. Nd5 f4 21. Qxf4 Re5 22. Qxg5 Rxg5 23. g4 Re8 24. Nf3 Rg6 25. Nh4 Rg5 26. Nf5 Be5 27. Rhf1 h5 28. Nh6+ Kh7 29. Nxf7 Rg7 30. Nxd6 Re6 31. Nf5 Rg5 32. Rde1 hxg4 33. hxg4 Rxg4 34. Rh1+ Kg6 35. Nfe3 Bg3 36. Rh6+ Kf7 37. Rf1+ Bf4 38. Nxg4 Rxh6 39. Nxh6+ 1-0

[Event "PAR-ch"]
[Site "Asuncion"]
[Date "2009.09.06"]
[Round "1"]
[White "Vazquez, German"]
[Black "Vargas, Goncalo Cintra"]
[Result "0-1"]
[WhiteElo "1894"]
[BlackElo "2092"]
[PlyCount "112"]
[EventDate "2009.09.06"]
[EventType "swiss"]
[EventRounds "9"]
[EventCountry "PAR"]
[SourceTitle "CBM 132 Extra"]
[Source "ChessBase"]
[SourceDate "2009.11.03"]
[SourceVersion "1"]
[SourceVersionDate "2009.11.03"]
[SourceQuality "1"]

1. e4 e6 2. d4 d5 3. exd5 exd5 4. Bd3 Bd6 5. Nf3 Ne7 6. 0-0 Bg4 7. c3 Nbc6 8. b4 Qd7 9. Nbd2 Ng6 10. h3 Bf5 11. Nb3 0-0 12. b5 Nce7 13. Nc5 Bxc5 14. dxc5 Bxd3 15. Qxd3 a6 16. b6 cxb6 17. cxb6 Qb5 18. Qxb5 axb5 19. Rb1 Rxa2 20. Rxb5 Rc8 21. Rb3 Rc2 22. Be3 R2xc3 23. Rxc3 Rxc3 24. Rc1 Rxc1+ 25. Bxc1 Nc8 26. Be3 f6 27. Nd2 Ne5 28. Nb3 Nc4 29. Bd4 N8xb6 30. Nc5 Nd6 31. Nxb7 Nxb7 32. Bxb6 Kf7 33. Bd4 Na5 34. Kf1 Nc6 35. Bb2 d4 36. Ke2 Ke6 37. Ba3 Kd5 38. Bf8 g6 39. Bg7 f5 40. Bh6 Kc4 41. Kd2 Na5 42. Kc2 Nb3 43. Bg5 Nc5 44. f3 Nd3 45. Kd2 Nc5 46. Kc2 Ne6 47. Bc1 d3+ 48. Kd1 g5 49. g3 h6 50. h4 gxh4 51. gxh4 h5 52. Bg5 Nd4 53. f4 Nf3 54. Bf6 Kd5 55. Be7 Ke4 56. Bg5 Ke3 0-1